000 00430nam a2200169Ia 4500
003 GCL
008 140319s9999 xx 000 0 ara d
040 _aGCL /
_cGCL
082 0 4 _a814
_bج ط
100 1 _aجمال بدوى
245 1 0 _aالطغه و البغاه /
_cجمال بدوى
300 _a151 ص
490 _a
650 0 4 _aالادب العربى
650 0 4 _aالمقالات العربية
942 _2ddc
_cBK
999 _c45149
_d45149